000 00236nam a2200121Ia 4500
100 _aCIMI-DGET
942 _cBK
245 _aSheet Metal Worker Theory
260 _bCIMI
_aChennai
300 _a308
546 _aENGLISH
999 _c20331
_d20331